Statistics for Naruto quiz

Click here to take the quiz!

General Stats

  • This quiz has been taken 744 times
  • The average score is 7 of 9

Answer Stats

HintAnswer% Correct
Main CharacterNaruto
100%
Narutos Girl TeammateSakura
99%
Sakuras crushSasuke
99%
Team 7 leaderKakashi
99%
Rock What?Lee
98%
fat kid who eats alotChoji
98%
sakuras enemyIno
97%
the honerable what?Grandson
29%
Ino's and Chojis teammateKiba
10%

Score Distribution

Percentile by Number Answered

Percent of People with Each Score

Your Score History

You have not taken this quiz